| 000 | 00565nam a2200193Ia 4500 | ||
|---|---|---|---|
| 999 |
_c22718 _d22718 |
||
| 003 | OSt | ||
| 005 | 20200214101009.0 | ||
| 008 | 190216s9999||||xx |||||||||||||| ||und|| | ||
| 020 | _a9788182710955 | ||
| 040 | _coclc | ||
| 082 |
_a297.64 _bNAD/U |
||
| 100 |
_a Nadvi, Sayyid Sulaiman _91970 |
||
| 245 | 0 |
_aUmmul Mu`mineen A`ysha / _cSayyid Sulaiman Nadvi |
|
| 250 | _a3rd ed. | ||
| 260 |
_bIslamic Publishing House, _c2005. _aKozhikode: |
||
| 300 | _a220p | ||
| 650 | _aIslamic History | ||
| 942 |
_cBK _2ddc _h297.64 _iNAD/U _k297.64 _mNAD/U |
||